000 00355nam a2200169Ia 4500
100 _aVerma/Shalini
650 _aGeneral
942 _cBK
366 _f10
654 _abody language
245 _aBody language:Your success mantra
260 _bS.Chand & Co.
_c2008
082 _a302.222
_bVER
300 _a173
546 _aENGLISH
999 _c30687
_d30687